000
00331nam a2200133Ia 4500
008
220204s9999 xx 000 0 und d
082
_a
002
_b
VEN
245
0
_a
March of library science
260
_a
New Delhi
_b
Vikas
_c
1979
650
_a
Cataloguing
650
_a
Scientific management
700
_a
Venkatappaiah, V
942
_c
BK
999
_c
29589
_d
29589